Praticamente normali

Salvato in:
Dettagli Bibliografici
Autore principale: Sullivan Andrew
Natura: Libro
Lingua:lingua imprecisata
Pubblicazione: Milano Mondadori 1996
Tags: Aggiungi Tag
Nessun Tag, puoi essere il primo ad aggiungerne!!

MARC

LEADER 00000nam a2200000Ia 4500
001 71
003 NUMERAZIONE-ORIGINALE-BRESCIA
005 20260206230747.0
008 260206s9999 xx 000 0 und d
100 |a Sullivan Andrew 
245 0 |a Praticamente normali 
260 |a Milano 
260 |b Mondadori 
260 |c 1996 
500 |a Le ragioni dell'omosessualit  
500 |a Saggi 
942 |2 ddc  |c BK  |n 0 
952 |0 0  |1 0  |2 ddc  |4 0  |6 21  |7 0  |9 28257  |a BS  |b BS  |d 2026-02-06  |i 71  |l 0  |o 2-1-*  |r 2026-02-06 22:40:31  |w 2026-02-06  |x [REVISIONARE]  |y BK 
999 |c 23953  |d 23953